Письма русских историков (Запись № 707087)

Подробности
000 -МАРКЕР
контрольное поле 01787nam0a2200385 4500
001 - ИДЕНТИФИКАТОР ЗАПИСИ
контрольное поле RU\NLR\bibl\429176
005 - ИДЕНТИФИКАТОР ВЕРСИИ
контрольное поле 20260409064814.0
010 ## - МЕЖДУНАРОДНЫЙ СТАНДАРТНЫЙ НОМЕР КНИГИ (ISBN)
Номер (ISBN) 5-8453-0048-7
Тираж 200
021 ## - НОМЕР ГОСУДАРСТВЕННОЙ РЕГИСТРАЦИИ
Код страны Российская Федерация
Номер 2003-48630
Номер Листа государственной регистраци 2340
035 ## - ДРУГИЕ СИСТЕМНЫЕ НОМЕРА
Идентификатор записи (NLR Aleph) 000423042
100 ## - ДАННЫЕ ОБЩЕЙ ОБРАБОТКИ
Данные общей обработки 20030815d2003 |||y0rusy50 ca
101 0# - ЯЗЫК РЕСУРСА
Язык текста, звукозаписи и т.д. русский
102 ## - СТРАНА ПУБЛИКАЦИИ ИЛИ ПРОИЗВОДСТВА
Страна публикации Российская Федерация
105 ## - ПОЛЕ КОДИРОВАННЫХ ДАННЫХ: ТЕКСТОВЫЕ МАТЕРИАЛЫ, МОНОГРАФИЧЕСКИЕ
Кодированные данные о монографическом текстовом документе c |||||||||
200 1# - ЗАГЛАВИЕ И СВЕДЕНИЯ ОБ ОТВЕТСТВЕННОСТИ
Основное заглавие Письма русских историков
Сведения, относящиеся к заглавию (С.Ф. Платонов, П.Н. Милюков)
Первые сведения об ответственности [Сост.: д.ист.н. В.П. Корзун и др.]
Последующие сведения об ответственности М-во образования РФ, Ом. гос. ун-т
210 ## - ПУБЛИКАЦИЯ, РАСПРОСТРАНЕНИЕ И ДР.
Место издания, распространения и т.д. Омск
Имя издателя, распространителя и т. д. Полиграфист
Дата издания, распространения и т.д. 2003
215 ## - ФИЗИЧЕСКАЯ ХАРАКТЕРИСТИКА
Специфическое обозначение материала и объем 304,[1] с., [4] л. портр., факс.
Размеры 17
320 ## - ПРИМЕЧАНИЯ О НАЛИЧИИ В ДОКУМЕНТЕ БИБЛИОГРАФИИ / УКАЗАТЕЛЯ
Текст примечания Указ.: с. 297-304
327 1# - ПРИМЕЧАНИЯ О СОДЕРЖАНИИ
Текст примечания В примеч.: Письмо Г.Ф. Форстена С.Ф. Платонову
600 #1 - ИМЯ ЛИЦА КАК ПРЕДМЕТ
Начальный элемент ввода Платонов
Часть имени, кроме начального элемента ввода С. Ф.
Даты 1860 - 1933
Расширение инициалов личного имени Сергей Федорович
Системный номер авторитетной/нормативной записи 1209603
Идентификатор авторитетной/нормативной записи RU\NLR\auth\66490910
600 #1 - ИМЯ ЛИЦА КАК ПРЕДМЕТ
Начальный элемент ввода Милюков
Часть имени, кроме начального элемента ввода П.Н.
Даты 1859 - 1943
Расширение инициалов личного имени Павел Николаевич
Системный номер авторитетной/нормативной записи 1218509
Идентификатор авторитетной/нормативной записи RU\NLR\auth\66495505
686 1# - ИНДЕКСЫ ДРУГИХ КЛАССИФИКАЦИЙ
Индекс Т1(2)52-8
686 ## - ИНДЕКСЫ ДРУГИХ КЛАССИФИКАЦИЙ
Индекс Т1(2)7-8
700 #1 - ИМЯ ЛИЦА - ПЕРВИЧНАЯ ОТВЕТСТВЕННОСТЬ
Код отношения Автор
Графика поля Кириллица
Материалы, к которым относится поле rus
Начальный элемент ввода Платонов
Часть имени, кроме начального элемента ввода С. Ф.
Даты 1860-1933
Расширение инициалов личного имени Сергей Федорович
Системный номер авторитетной/нормативной записи 112738
Идентификатор авторитетной/нормативной записи RU\NLR\auth\772730
701 #1 - ИМЯ ЛИЦА - АЛЬТЕРНАТИВНАЯ ОТВЕТСТВЕННОСТЬ
Код отношения Автор
Графика поля Кириллица
Материалы, к которым относится поле rus
Начальный элемент ввода Милюков
Часть имени, кроме начального элемента ввода П. Н.
Даты 1859-1943
Расширение инициалов личного имени Павел Николаевич
Системный номер авторитетной/нормативной записи 6460
Идентификатор авторитетной/нормативной записи RU\NLR\AUTH\7723407
702 #1 - ИМЯ ЛИЦА - ВТОРИЧНАЯ ОТВЕТСТВЕННОСТЬ
Начальный элемент ввода Корзун
Часть имени, кроме начального элемента ввода В. П.
Расширение инициалов личного имени Валентина Павловна
Код отношения Составитель
712 02 - НАИМЕНОВАНИЕ ОРГАНИЗАЦИИ - ВТОРИЧНАЯ ОТВЕТСТВЕННОСТЬ
Код отношения Издающая организация
Начальный элемент ввода Омский государственный университет
Системный номер авторитетной/нормативной записи 2683013
Идентификатор авторитетной/нормативной записи RU\NLR\AUTH\880618831
801 #0 - ИСТОЧНИК ЗАПИСИ
Страна Российская Федерация
Организация NLR
Дата составления 20030815
Правила каталогизации PSBO
801 #1 - ИСТОЧНИК ЗАПИСИ
Страна Российская Федерация
Организация NLR
Дата составления 20030815
830 ## - ОБЩЕЕ ПРИМЕЧАНИЕ, СОСТАВЛЕННОЕ КАТАЛОГИЗАТОРОМ
Текст примечания Сост. по кн.
942 ## - ДОПОЛНИТЕЛЬНЫЕ ЭЛЕМЕНТЫ ЗАПИСИ (АБИС)
Тип экземпляра АБИС Книга
980 ## - КОЛЛЕКЦИЯ
Название коллекции Национальная библиография
Экземпляры
Тип экземпляра Дата поступления Источник поступления Библиотека постоянного хранения Библиотека текущего хранения Место хранения Шифр хранения Штрих-код Статус экземпляра
Книга 15.08.2003 Дар РНБ (Московский) РНБ (Московский) Русский книжный фонд: издания с 1957 года 2003-2/3294 1-551481  
Книга 03.09.2003 Дар РНБ (Московский) РНБ (Московский) Резервный фонд   541927  
Книга 02.10.2003 Обязательный экземпляр РНБ (Московский) РНБ (Московский) Русский книжный фонд: издания с 1957 года 2003-2/3294 557689  
Книга 02.10.2003 Обязательный экземпляр РНБ (Московский) РНБ (Московский) Обменный фонд   557690